000 00751nam a2200241Ia 4500
003 OSt
005 20230524155326.0
008 210423s2011 xx 000 0 und d
020 _a978-0-19-807410-6
040 _cAL
041 _aeng
082 _a332.17 BHAB
_223
100 _aBHATTACHARYA (Hrishikes)
_9112858
245 _aBanking strategy credit appraisal and lending decisions: a risk return framework Ed 2
250 _a2
260 _aNew Delhi
_bOxford University Press
_c2011
300 _axix,562
_bPB
365 _b595
_cINR
650 _aBanking
_9112859
650 _aFinancial Economics
_9112860
906 _aappraisal ; Banking ; credit ; decisions: ; Ed ; framework ; lending ; return ; risk ; strategy
942 _2ddc
_cBK
999 _c165463
_d165463